000
00295nam a2200133 4500
003
OSt
005
20250825173112.0
007
ta
008
250109b |||||||| |||| 00| 1 fre d
040
_c
autismepaimpol.fr
100
_q
Collectif
245
_a
Mon premier livre de chiffres
942
_c
843.0692
999
_c
133
_d
133